Religion Quiz

Random Religion or Numbers Quiz

Plagues of Egypt Quiz Stats

 Plays Quiz Updated May 21, 2018

Score 0/10 Timer 03:00
6 Plays Today
Number Plague % Correct
OnePlague of water to blood
85.7%
TwoPlague of amphibians
84.7%
EightPlague of locusts
82.5%
TenPlague of the death of the first-born of all Egyptian families
80.9%
SixPlague of boils
58.9%
NinePlague of darkness
58.4%
SevenPlague of hail mixed with Fire
49.4%
FourPlague of flies
48.1%
FivePlague of disease on livestock
46.3%
ThreePlague of lice or gnats
39.8%

You're not logged in!

Compare scores with friends on all Sporcle quizzes.
OR
Log In

Sporcle TV

Today on Sporcle TV


Watch our educational content, quiz creation guides, and fun videos on Sporcle TV.

Show Comments

Extras

Top Quizzes Today


Score Distribution

Your Account Isn't Verified!

In order to create a playlist on Sporcle, you need to verify the email address you used during registration. Go to your Sporcle Settings to finish the process.

Report this User

Report this user for behavior that violates our Community Guidelines.

Details: